| 000 | 01201 a2200253 4500 | ||
|---|---|---|---|
| 999 |
_c10141 _d10141 |
||
| 020 | _a076194639 | ||
| 020 | _a0761946403 | ||
| 050 | 0 | 0 | _aLB2806.15 ERI 2002 |
| 100 | 1 |
_aErickson, H. Lynn. _eauthor |
|
| 245 | 1 | 0 |
_aConcept-based curriculum and instruction : _bteaching beyond the facts / _cH. Lynn Erickson ; foreword by Carol Ann Tomlinson. |
| 264 |
_aThousand Oak, California : _bCorwin Press, _c2002. |
||
| 300 |
_axvi, 174 p. : _bill. ; |
||
| 500 | _aForeword by Tomlinson, Carol Ann | ||
| 504 | _aIncludes bibliographical references (p. 167-168) and index. | ||
| 650 | 0 | _aCurriculum planning | |
| 650 | 0 |
_aEducation _xCurricula _xStandards |
|
| 650 | 0 | _aInterdisciplinary approach in education | |
| 651 | _aUnited States | ||
| 856 | 4 | 2 |
_3Publisher description _uhttp://www.loc.gov/catdir/enhancements/fy0658/2002002771-d.html |
| 856 | 4 | 1 |
_3Table of contents only _uhttp://www.loc.gov/catdir/enhancements/fy0658/2002002771-t.html |
| 856 | 4 | 2 |
_3Contributor biographical information _uhttp://www.loc.gov/catdir/enhancements/fy0734/2002002771-b.html |
| 942 |
_2lcc _cBK _h2806.15 _iERI _kLB |
||